000 00603nam a2200193Ia 4500
003 IN-BaIIA
008 211028s9999 xx 000 0 eng d
020 _a81-208-0108-3
040 _cIIA Library
080 _a291.8
_bMUL-7
245 4 _aThe institutes of Vishnu
_cedited by Max F Muller
260 _aDelhi
_bMotilal Banarsidass
_c1986
300 _axxxvii, 316p.
490 _aThe Sacred Books of the East v.7
650 _aAstronomy and Astrophysics Thesaurus
650 _aSacred Literature
_916787
700 _aMuller, Max F., ed.
_916788
942 _cBK
999 _c9897
_d9897